Cup of yummyness food stall : an enterprise development project / (Record no. 4783)

MARC details
000 -LEADER
fixed length control field 01211nam a22002897a 4500
003 - CONTROL NUMBER IDENTIFIER
control field OSt
005 - DATE AND TIME OF LATEST TRANSACTION
control field 20260305062740.0
008 - FIXED-LENGTH DATA ELEMENTS--GENERAL INFORMATION
fixed length control field 260305b |||||||| |||| 00| 0 eng d
040 ## - CATALOGING SOURCE
Language of cataloging English.
Transcribing agency CvSU-CCAT Campus Library.
Description conventions rda.
050 ## - LIBRARY OF CONGRESS CALL NUMBER
Classification number UM HD 62.7
Item number H47 2024
100 ## - MAIN ENTRY--PERSONAL NAME
Personal name Herrera, Ryordan P., author.
9 (RLIN) 18849
245 ## - TITLE STATEMENT
Title Cup of yummyness food stall : an enterprise development project /
Statement of responsibility, etc. Ryordan P. Herrera, Sandra S. Pallera, Mila Andrea S. Patacsil.
260 ## - PUBLICATION, DISTRIBUTION, ETC.
Place of publication, distribution, etc. Rosario, Cavite :
Name of publisher, distributor, etc. Cavite State University-CCAT Campus,
Date of publication, distribution, etc. 2024.
300 ## - PHYSICAL DESCRIPTION
Extent xiv, 74 leaves :
Other physical details illustrations ;
Dimensions 28 cm
500 ## - GENERAL NOTE
General note Enterprise Development Project (BSBA)--Cavite State University-CCAT Campus, 2024.
504 ## - BIBLIOGRAPHY, ETC. NOTE
Bibliography, etc. note Includes bibliographical references and appendices.
546 ## - LANGUAGE NOTE
Language note In English text
650 ## - SUBJECT ADDED ENTRY--TOPICAL TERM
Topical term or geographic name entry element Small business
9 (RLIN) 529
650 #0 - SUBJECT ADDED ENTRY--TOPICAL TERM
Topical term or geographic name entry element Entrepreneurship
9 (RLIN) 136
650 ## - SUBJECT ADDED ENTRY--TOPICAL TERM
Topical term or geographic name entry element Food services management
9 (RLIN) 18806
650 ## - SUBJECT ADDED ENTRY--TOPICAL TERM
Topical term or geographic name entry element Marketing -- Management
9 (RLIN) 8784
650 ## - SUBJECT ADDED ENTRY--TOPICAL TERM
Topical term or geographic name entry element Street food industry
9 (RLIN) 18850
700 ## - ADDED ENTRY--PERSONAL NAME
Personal name Pallera, Sandra S., author.
9 (RLIN) 18871
700 ## - ADDED ENTRY--PERSONAL NAME
Personal name Patacsil, Mila Andrea S., author.
9 (RLIN) 18872
942 ## - ADDED ENTRY ELEMENTS (KOHA)
Source of classification or shelving scheme Library of Congress Classification
Koha item type Thesis/Manuscripts/Dissertations
Classification part HD 62.7 H47 2024
Call number prefix UM
Holdings
Withdrawn status Lost status Source of classification or shelving scheme Damaged status Not for loan Collection code Home library Current library Shelving location Date acquired Coded location qualifier Total Checkouts Full call number Barcode Date last seen Copy number Price effective from Koha item type
    Library of Congress Classification     Thesis/Manuscript/Dissertation Cavite State University - CCAT Campus Cavite State University - CCAT Campus TH 01/20/2026 UM   UM HD 62.7 H47 2024 T0005625 03/05/2026 1 03/05/2026 Thesis/Manuscripts/Dissertations